[Event "Titled Tuesday intern op 06th May Early"]
[Site "Chess.com INT"]
[Date "2025.05.06"]
[Round "2"]
[White "Tang, Andrew"]
[Black "Bobadilla Viera, Jorge Samuel"]
[Result "1-0"]
[WhiteElo "2529"]
[BlackElo "2363"]
[PlyCount "95"]
[EventDate "2025.05.06"]
[EventType "swiss (blitz)"]
[EventRounds "11"]
[EventCountry "USA"]
[SourceTitle "CB20_2025"]
[SourceDate "2025.05.14"]
[SourceVersion "1"]
[SourceVersionDate "2025.05.14"]
[SourceQuality "1"]

1. d4 d5 2. Bf4 Nf6 3. e3 c5 4. Nc3 cxd4 5. exd4 a6 6. Nf3 Nc6 7. Ne5 g6 8. Be2 Bg7 9. g4 Be6 10. Qd2 Rc8 11. 0-0-0 0-0 12. Kb1 b5 13. Qe3 Na5 14. Bh6 Bxh6 15. Qxh6 Rxc3 16. bxc3 Qc7 17. Rd3 Ne4 18. Rh3 Nf6 19. Rg1 Nc4 20. Rgg3 Nxe5 21. dxe5 Qxe5 22. Re3 Qd6 23. g5 Bxh3 24. Rxh3 Nh5 25. Bxh5 gxh5 26. Qxh5 Qg6 27. Qg4 Rd8 28. f4 e6 29. Qe2 d4 30. Rd3 Qf5 31. Qd2 e5 32. fxe5 Qxe5 33. cxd4 Qd5 34. Kb2 Rc8 35. a3 Rc4 36. h4 a5 37. Qxa5 Rxd4 38. Qc3 Rxd3 39. Qxd3 Qe5+ 40. Kb3 Qf4 41. Qd8+ Kg7 42. Qf6+ Qxf6 43. gxf6+ Kxf6 44. c4 Ke6 45. cxb5 Kd5 46. a4 Kc5 47. Kc3 Kb6 48. Kd4 1-0

[Event "Medellin Sub zt 2.3.2"]
[Site "Medellin"]
[Date "2025.04.18"]
[Round "8"]
[White "Bobadilla Viera, Jorge Samuel"]
[Black "Mora Munoz, Alejandro"]
[Result "1-0"]
[WhiteElo "2359"]
[BlackElo "2135"]
[PlyCount "59"]
[EventDate "2025.04.14"]
[EventType "swiss"]
[EventRounds "9"]
[EventCountry "COL"]
[SourceTitle "CB18_2025"]
[SourceDate "2025.04.30"]
[SourceVersion "1"]
[SourceVersionDate "2025.04.30"]
[SourceQuality "1"]

1. d4 Nf6 2. c4 e6 3. Nc3 d5 4. cxd5 exd5 5. Bg5 c6 6. e3 Bd6 7. Bd3 0-0 8. Nf3 Re8 9. 0-0 Be6 10. Ne5 c5 11. Bb5 Rf8 12. f4 cxd4 13. exd4 a6 14. Ba4 Be7 15. Kh1 Bd7 16. Bxf6 Bxf6 17. Bxd7 Nxd7 18. Nxd5 Nb6 19. Nxb6 Qxb6 20. Nd7 Qxb2 21. Nxf8 Rxf8 22. Qb3 Qxd4 23. a4 b6 24. Rad1 Qc5 25. Rd7 b5 26. axb5 axb5 27. Rd5 Qc4 28. Qxb5 Qxb5 29. Rxb5 g6 30. Rfb1 1-0

[Event "Medellin Sub zt 2.3.2"]
[Site "Medellin"]
[Date "2025.04.17"]
[Round "6"]
[White "Bobadilla Viera, Jorge Samuel"]
[Black "Vivas Zamora, Fabian Ernesto"]
[Result "0-1"]
[WhiteElo "2359"]
[BlackElo "2369"]
[PlyCount "122"]
[EventDate "2025.04.14"]
[EventType "swiss"]
[EventRounds "9"]
[EventCountry "COL"]
[SourceTitle "CB18_2025"]
[SourceDate "2025.04.30"]
[SourceVersion "1"]
[SourceVersionDate "2025.04.30"]
[SourceQuality "1"]

1. e4 c5 2. Nf3 d6 3. Bb5+ Bd7 4. Bxd7+ Nxd7 5. 0-0 Ngf6 6. Qe2 e6 7. b3 Be7 8. Bb2 0-0 9. c4 e5 10. Nc3 Ne8 11. Nd5 Nc7 12. Nxc7 Qxc7 13. Ne1 Bg5 14. Nd3 Rae8 15. Bc3 Bh6 16. Rae1 f5 17. f3 f4 18. g3 Re6 19. Kg2 Rg6 20. Rg1 Qd8 21. Kh1 fxg3 22. Rxg3 Qh4 23. Reg1 Rxg3 24. Rxg3 Qh5 25. Qg2 Rf6 26. Nf2 Qf7 27. Ng4 Re6 28. Nxh6+ Rxh6 29. f4 Rh4 30. fxe5 Rf4 31. Kg1 Nxe5 32. Bxe5 dxe5 33. Rg4 Rf6 34. Qe2 Qd7 35. Rg3 Qd4+ 36. Kg2 Qa1 37. Qd3 h6 38. a4 Qe1 39. Rf3 Rxf3 40. Kxf3 Qh1+ 41. Kg3 Qg1+ 42. Kh3 Qf2 43. Qd5+ Kh7 44. Qxe5 Qf3+ 45. Qg3 Qxe4 46. Qc3 h5 47. Kg3 h4+ 48. Kf2 Qf4+ 49. Kg2 Qg4+ 50. Kf2 Kg6 51. h3 Qf4+ 52. Kg2 Qg5+ 53. Kh1 b6 54. Qd3+ Qf5 55. Qe3 Qf1+ 56. Kh2 Kf5 57. Qe7 Qf2+ 58. Kh1 Qf3+ 59. Kg1 Qd1+ 60. Kf2 Qxd2+ 61. Kf1 Qf4+ 0-1

[Event "COL-chT sf"]
[Site "Medellin"]
[Date "2024.11.09"]
[Round "5.2"]
[White "Bobadilla Viera, Jorge Samuel"]
[Black "Marin Posada, Sebastian"]
[Result "1/2-1/2"]
[WhiteElo "2363"]
[BlackElo "2275"]
[PlyCount "217"]
[EventDate "2024.11.07"]
[EventType "team-swiss"]
[EventRounds "6"]
[EventCountry "COL"]
[SourceTitle "CB49_2024"]
[SourceDate "2024.12.04"]
[SourceVersion "1"]
[SourceVersionDate "2024.12.04"]
[SourceQuality "1"]
[WhiteTeam "Bogota"]
[BlackTeam "Antioquia ADP"]
[WhiteTeamCountry "COL"]
[BlackTeamCountry "COL"]

1. d4 Nf6 2. Nf3 e6 3. c4 Bb4+ 4. Nbd2 0-0 5. a3 Be7 6. e4 d6 7. Be2 Nfd7 8. b4 e5 9. d5 a5 10. Bb2 axb4 11. axb4 Rxa1 12. Bxa1 c5 13. b5 Nf6 14. 0-0 g6 15. Ne1 Ne8 16. Nd3 Bf6 17. Bg4 Bxg4 18. Qxg4 Nd7 19. g3 Bg7 20. Qe2 Qe7 21. Bc3 Nc7 22. Ra1 Ra8 23. Rxa8+ Nxa8 24. Nb3 b6 25. Qa2 Qd8 26. Qa1 Nc7 27. f4 f6 28. Qa7 Qb8 29. Qxb8+ Nxb8 30. f5 Bh6 31. Kf2 Nd7 32. Kf3 Kf7 33. Nf2 g5 34. Kg4 Ne8 35. Bd2 Bf8 36. h4 h6 37. Nc1 Ng7 38. Kh3 Ne8 39. Ncd3 Be7 40. Nb2 Bf8 41. Kg4 Ng7 42. Kf3 Ne8 43. Na4 Be7 44. Nh3 Bd8 45. Be3 Be7 46. Nc3 Kg7 47. Kg4 Kf7 48. Ne2 Ng7 49. Kf3 Ne8 50. Nc3 Ng7 51. Bc1 Ne8 52. Kg4 Ng7 53. Kf3 Ne8 54. Na4 Bd8 55. Bd2 Ng7 56. Be3 Ne8 57. hxg5 hxg5 58. Kg4 Ng7 59. Ng1 Be7 60. Nf3 Bd8 61. Nc3 Be7 62. Ne2 Nf8 63. Neg1 Nh7 64. Nh3 Bd8 65. Nf2 Be7 66. Ng1 Nf8 67. Ne2 Nd7 68. Nc3 Bd8 69. Nh3 Be7 70. Bxg5 fxg5 71. Nxg5+ Bxg5 72. Kxg5 Ne8 73. g4 Kg7 74. Kh4 Kh6 75. g5+ Kh7 76. Kh5 Kg7 77. Kg4 Nf8 78. Ne2 Kg8 79. Ng1 Nd7 80. Nf3 Nef6+ 81. gxf6 Nxf6+ 82. Kg5 Kg7 83. Nd2 Kf7 84. Kh4 Kg7 85. Kg3 Kh6 86. Kf3 Kg5 87. Nb1 Kh5 88. Nc3 Kg5 89. Na4 Nd7 90. Kg3 Kh5 91. f6 Kg6 92. Kh4 Kxf6 93. Kh5 Kf7 94. Kg5 Kg7 95. Nc3 Nf6 96. Kf5 Kf7 97. Ne2 Nh5 98. Kg5 Nf6 99. Ng3 Nh7+ 100. Kg4 Nf6+ 101. Kf5 Ng8 102. Nh5 Ne7+ 103. Kg5 Ng8 104. Ng3 Nf6 105. Kf5 Ng8 106. Kg4 Nf6+ 107. Kf3 Ke7 108. Nf5+ Kd7 109. Ng7 1/2-1/2

[Event "COL-chT sf"]
[Site "Medellin"]
[Date "2024.11.08"]
[Round "2.2"]
[White "Mora Munoz, Alejandro"]
[Black "Bobadilla Viera, Jorge Samuel"]
[Result "0-1"]
[WhiteElo "2110"]
[BlackElo "2363"]
[PlyCount "114"]
[EventDate "2024.11.07"]
[EventType "team-swiss"]
[EventRounds "6"]
[EventCountry "COL"]
[SourceTitle "CB49_2024"]
[SourceDate "2024.12.04"]
[SourceVersion "1"]
[SourceVersionDate "2024.12.04"]
[SourceQuality "1"]
[WhiteTeam "Valle"]
[BlackTeam "Bogota"]
[WhiteTeamCountry "COL"]
[BlackTeamCountry "COL"]

1. e4 e5 2. Nf3 Nc6 3. Bb5 a6 4. Ba4 Nf6 5. 0-0 Nxe4 6. d4 b5 7. Bb3 d5 8. dxe5 Be6 9. Qe2 Be7 10. Rd1 0-0 11. c3 Qd7 12. Nbd2 Nxd2 13. Qxd2 Rad8 14. Qe2 Rfe8 15. Ng5 Bg4 16. f3 Bc5+ 17. Kh1 Rxe5 18. Qf1 Bh5 19. Bf4 Rf5 20. Nh3 Bg6 21. g4 Rf6 22. Bg5 Rd6 23. Bxd8 Nxd8 24. Nf4 Ne6 25. Nxd5 a5 26. a4 c6 27. Ne3 Bxe3 28. Rxd6 Qxd6 29. Rd1 Qb8 30. Qe2 Bg5 31. Bxe6 fxe6 32. Qxe6+ Bf7 33. Qxc6 bxa4 34. Qc5 h6 35. Qxa5 Qxb2 36. Qxa4 Qxc3 37. Qa8+ Kh7 38. Qe4+ Bg6 39. Qe2 Qf6 40. Kg2 Bf4 41. Qf2 Qe5 42. h3 Qc7 43. Ra1 Be5 44. Re1 Bd6 45. Rd1 Bg3 46. Qe2 Bh4 47. Kh1 Qg3 48. Qg2 Qf4 49. Qe2 Bf6 50. Qg2 Qe3 51. Rf1 Bd4 52. Kh2 Bd3 53. Rd1 Be5+ 54. Kh1 Bc3 55. g5 h5 56. Rg1 Be2 57. g6+ Kh6 0-1

[Event "COL-ch Blitz"]
[Site "Bucaramanga"]
[Date "2024.10.27"]
[Round "10.1"]
[White "Bobadilla Viera, Jorge Samuel"]
[Black "Arrieta Hernandez, Cristian"]
[Result "0-1"]
[WhiteElo "2183"]
[BlackElo "2279"]
[PlyCount "46"]
[EventDate "2024.10.27"]
[EventType "swiss (blitz)"]
[EventRounds "11"]
[EventCountry "COL"]
[SourceTitle "CB44_2024"]
[Source "Chessbase"]
[SourceDate "2024.10.30"]
[SourceVersion "1"]
[SourceVersionDate "2024.10.30"]
[SourceQuality "1"]

1. d4 e6 2. Nf3 c5 3. g3 cxd4 4. Nxd4 Nf6 5. c4 Nc6 6. Bg2 Bc5 7. Nb3 Bb6 8. 0-0 a5 9. Nc3 a4 10. Nd2 a3 11. b3 0-0 12. Nb5 Qe7 13. Nb1 Bc5 14. N1c3 Rd8 15. e4 d6 16. Bf4 h6 17. Na4 e5 18. Bd2 Nd4 19. Nac3 Bg4 20. Nd5 Qd7 21. Qb1 Nxd5 22. exd5 Nf3+ 23. Bxf3 Bxf3 0-1

[Event "COL-ch Blitz"]
[Site "Bucaramanga"]
[Date "2024.10.27"]
[Round "11.6"]
[White "Bobadilla Viera, Jorge Samuel"]
[Black "Guerrero Fandino, Gustavo A"]
[Result "1-0"]
[WhiteElo "2183"]
[BlackElo "1970"]
[PlyCount "189"]
[EventDate "2024.10.27"]
[EventType "swiss (blitz)"]
[EventRounds "11"]
[EventCountry "COL"]
[SourceTitle "CB44_2024"]
[Source "Chessbase"]
[SourceDate "2024.10.30"]
[SourceVersion "1"]
[SourceVersionDate "2024.10.30"]
[SourceQuality "1"]

1. d4 Nf6 2. Nf3 d6 3. c4 g6 4. Nc3 Bg7 5. e4 c6 6. Be2 Nbd7 7. 0-0 0-0 8. Re1 Qc7 9. Bf1 e5 10. b3 Re8 11. Bb2 exd4 12. Nxd4 Nc5 13. f3 Nh5 14. Kh1 Ne6 15. Nce2 Nxd4 16. Nxd4 Nf4 17. Qd2 Ne6 18. Rad1 Be5 19. g3 Nxd4 20. Bxd4 Be6 21. Bg2 Rad8 22. f4 Bg4 23. Rc1 Qe7 24. Bxa7 Bg7 25. h3 Bc8 26. Bb6 Rd7 27. Kh2 h6 28. Rcd1 g5 29. Bd4 gxf4 30. Qxf4 Qg5 31. Bxg7 Kxg7 32. h4 Qxf4 33. gxf4 f5 34. exf5 Rxe1 35. Rxe1 Rf7 36. Rd1 Rf6 37. Be4 Kf7 38. Kg3 Ke7 39. Re1 Kd8 40. Rd1 Kc7 41. Re1 Bxf5 42. Bxf5 Rxf5 43. Kg4 Ra5 44. Re2 d5 45. cxd5 cxd5 46. Re7+ Kc6 47. Re6+ Kc5 48. Rxh6 Rxa2 49. Rh7 b5 50. f5 Rg2+ 51. Kf4 Kd4 52. f6 Rf2+ 53. Kg5 Kc3 54. Rd7 d4 55. h5 d3 56. h6 Rg2+ 57. Kf5 Rf2+ 58. Ke5 Re2+ 59. Kf4 Rf2+ 60. Kg5 Rg2+ 61. Kh5 Rh2+ 62. Kg6 Rg2+ 63. Kh7 Rf2 64. f7 d2 65. Kg8 Rg2+ 66. Kf8 Rh2 67. Ke8 Re2+ 68. Kd8 Rf2 69. Ke8 Re2+ 70. Kf8 Rh2 71. Kg7 Rg2+ 72. Kh8 Rf2 73. Kg7 Rg2+ 74. Kf6 Rf2+ 75. Kg6 Rg2+ 76. Kf5 Rf2+ 77. Ke6 Re2+ 78. Kf6 Rf2+ 79. Ke7 Re2+ 80. Kd8 Rf2 81. h7 Rxf7 82. h8Q+ Kc2 83. Rxf7 d1Q+ 84. Rd7 Qe2 85. Qg8 Qe5 86. Qd5 Qf6+ 87. Kc7 Qf4+ 88. Kb7 Qe3 89. Qd1+ Kb2 90. Rd2+ Ka3 91. Qa1+ Kb4 92. Qd4+ Qxd4 93. Rxd4+ Kxb3 94. Kc6 Kc3 95. Kc5 1-0

[Event "Bogota Distrito Capital op-A"]
[Site "Bogota"]
[Date "2024.09.22"]
[Round "8"]
[White "Bobadilla Viera, Jorge Samuel"]
[Black "Cordoba Roa, Angel Gabriel"]
[Result "0-1"]
[WhiteElo "2364"]
[BlackElo "2367"]
[PlyCount "58"]
[EventDate "2024.09.18"]
[EventType "swiss"]
[EventRounds "9"]
[EventCountry "COL"]
[SourceTitle "EXT 2025"]
[Source "ChessBase"]
[SourceDate "2024.10.14"]
[SourceVersion "1"]
[SourceVersionDate "2024.10.14"]
[SourceQuality "1"]

1. d4 Nf6 2. c4 e6 3. Nc3 Bb4 4. e3 0-0 5. Bd2 Re8 6. Nf3 d5 7. Rc1 b6 8. a3 Bf8 9. cxd5 exd5 10. Ne5 Bb7 11. f4 a6 12. Bd3 c5 13. 0-0 Nc6 14. Be1 cxd4 15. Nxc6 Bxc6 16. exd4 Qd7 17. f5 Ne4 18. Bh4 b5 19. Ne2 Rac8 20. Ng3 g6 21. Kh1 a5 22. Qg4 Bg7 23. Rcd1 b4 24. axb4 axb4 25. h3 h5 26. Qf4 Ba4 27. Ra1 Bc2 28. Bxe4 Bxe4 29. f6 Qxh3+ 0-1

[Event "Bogota Distrito Capital op-A"]
[Site "Bogota"]
[Date "2024.09.22"]
[Round "9"]
[White "Ospina Castro, Santiago"]
[Black "Bobadilla Viera, Jorge Samuel"]
[Result "1/2-1/2"]
[WhiteElo "2106"]
[BlackElo "2364"]
[PlyCount "121"]
[EventDate "2024.09.18"]
[EventType "swiss"]
[EventRounds "9"]
[EventCountry "COL"]
[SourceTitle "EXT 2025"]
[Source "ChessBase"]
[SourceDate "2024.10.14"]
[SourceVersion "1"]
[SourceVersionDate "2024.10.14"]
[SourceQuality "1"]

1. e4 c5 2. Nf3 d6 3. d4 cxd4 4. Nxd4 Nf6 5. Nc3 a6 6. Be2 e6 7. 0-0 Qc7 8. Be3 Be7 9. a4 b6 10. f4 Bb7 11. Bf3 Nbd7 12. Qe2 0-0 13. Rfd1 Rfe8 14. Kh1 Bf8 15. Nb3 e5 16. f5 d5 17. Nxd5 Nxd5 18. exd5 e4 19. Bg4 Nf6 20. c3 Bxd5 21. Nd2 Bd6 22. g3 Nxg4 23. Qxg4 f6 24. c4 Bb7 25. Nb3 Rad8 26. Nd4 Bc5 27. Ne6 Rxe6 28. fxe6 Bxe3 29. Rd7 Rxd7 30. exd7 Qd8 31. Qe6+ Kf8 32. h4 Bc5 33. Kh2 Qe7 34. Rd1 Qd8 35. b4 Be7 36. c5 bxc5 37. bxc5 e3 38. Qxe3 Bc6 39. Qe6 Bxa4 40. Rd4 Bb5 41. Qd5 Qxd7 42. Qxd7 Bxd7 43. Rxd7 Bxc5 44. Rd5 Bb4 45. Rd7 h5 46. Kg2 a5 47. Ra7 Kg8 48. Kf3 Kh7 49. Ra6 Kg6 50. Rb6 Bc5 51. Rb5 Bb4 52. g4 hxg4+ 53. Kxg4 Bd2 54. Rd5 Bc3 55. h5+ Kh7 56. Rd8 Bb4 57. Ra8 Be1 58. Kf5 Bd2 59. Ra6 Bc3 60. Ra8 Bd2 61. Ra7 1/2-1/2

[Event "Bogota Distrito Capital op-A"]
[Site "Bogota"]
[Date "2024.09.19"]
[Round "3"]
[White "Carrillo Parra, Miguel Alfredo"]
[Black "Bobadilla Viera, Jorge Samuel"]
[Result "1/2-1/2"]
[WhiteElo "2193"]
[BlackElo "2364"]
[PlyCount "110"]
[EventDate "2024.09.18"]
[EventType "swiss"]
[EventRounds "9"]
[EventCountry "COL"]
[SourceTitle "EXT 2025"]
[Source "ChessBase"]
[SourceDate "2024.10.14"]
[SourceVersion "1"]
[SourceVersionDate "2024.10.14"]
[SourceQuality "1"]

1. d4 Nf6 2. c4 e6 3. Nc3 d5 4. cxd5 exd5 5. Bg5 c6 6. e3 Be7 7. Bd3 0-0 8. Qc2 Nbd7 9. Nge2 Re8 10. 0-0 Nf8 11. Rae1 b5 12. Bh4 g6 13. f3 Ne6 14. Bf2 Bb7 15. h3 Rc8 16. e4 b4 17. Na4 c5 18. Nxc5 Nxc5 19. dxc5 Qa5 20. Nc1 Bxc5 21. Nb3 Bxf2+ 22. Qxf2 Qb6 23. e5 Nd7 24. f4 Qxf2+ 25. Kxf2 Nc5 26. Bb5 Bc6 27. Bxc6 Rxc6 28. Nxc5 Rxc5 29. Re2 Rc4 30. Kf3 Kf8 31. Rd1 Rd8 32. Red2 Rc5 33. g4 Ke7 34. Rd4 a5 35. f5 h5 36. R1d2 hxg4+ 37. hxg4 gxf5 38. gxf5 Rd7 39. Kf4 Rd8 40. b3 Rd7 41. Re2 Rd8 42. Red2 Rd7 43. Rh2 Rc1 44. Rhd2 Rf1+ 45. Ke3 Rxf5 46. Rxd5 Rxd5 47. Rxd5 Rh5 48. Rxa5 Ke6 49. Ra6+ Kd5 50. Ra5+ Ke6 51. Ra6+ Kd5 52. Kf4 Rh4+ 53. Kf5 Rh5+ 54. Kf4 Rh4+ 55. Kf5 Rh5+ 1/2-1/2

[Event "American Continental 18th"]
[Site "Medellin"]
[Date "2024.05.30"]
[Round "9"]
[White "Fier, Alexandr"]
[Black "Bobadilla Viera, Jorge Samuel"]
[Result "1/2-1/2"]
[WhiteElo "2574"]
[BlackElo "2386"]
[PlyCount "149"]
[EventDate "2024.05.24"]
[EventType "swiss"]
[EventRounds "11"]
[EventCountry "COL"]
[SourceTitle "CBM 220 Extra"]
[Source "ChessBase"]
[SourceDate "2024.07.31"]
[SourceVersion "1"]
[SourceVersionDate "2024.07.31"]
[SourceQuality "1"]

1. d4 Nf6 2. c4 e6 3. Nf3 d5 4. g3 Bb4+ 5. Bd2 Be7 6. Bg2 0-0 7. 0-0 Nbd7 8. Qc2 c6 9. Rd1 Ne4 10. Be1 f5 11. b4 Bf6 12. Nc3 Nb6 13. c5 Nc4 14. Rac1 Qe7 15. Na4 b6 16. Nb2 Nxb2 17. Qxb2 bxc5 18. bxc5 Ba6 19. Bf1 Rfb8 20. Qa3 Bb5 21. Ba5 Rb7 22. Ne1 Rab8 23. Nc2 Qd7 24. f3 Ng5 25. Bd2 Nf7 26. Bf4 e5 27. dxe5 Bxe5 28. Nd4 Bxd4+ 29. Rxd4 Re8 30. Kf2 Qe6 31. Qe3 Qc8 32. Qa3 Rbe7 33. Rc2 Qe6 34. h4 Bxe2 35. Bg2 Bb5 36. Qc3 Qf6 37. Rdd2 Qxc3 38. Rxc3 Re2+ 39. Kg1 Rxd2 40. Bxd2 d4 41. Rb3 Ne5 42. a4 Bxa4 43. Rb4 Bd1 44. f4 Nf3+ 45. Bxf3 Bxf3 46. Rxd4 Bd5 47. Ra4 Re2 48. Bc3 Rg2+ 49. Kf1 Rxg3 50. Be5 Rh3 51. Rxa7 Rxh4 52. Rxg7+ Kf8 53. Rb7 Rh2 54. Kg1 Rg2+ 55. Kf1 Rh2 56. Kg1 Rh1+ 57. Kf2 h5 58. Rh7 h4 59. Bf6 Rh2+ 60. Kg1 Rh1+ 61. Kf2 h3 62. Kg3 Rg1+ 63. Kh2 Rh1+ 64. Kg3 Bg2 65. Be5 Ke8 66. Rh5 Rg1 67. Kh2 Rh1+ 68. Kg3 Rg1 69. Kh2 Rc1 70. Rxf5 Rc2 71. Rg5 Bf1+ 72. Kh1 Bd3 73. f5 Be4+ 74. Kg1 Rg2+ 75. Rxg2 1/2-1/2

[Event "American Continental 18th"]
[Site "Medellin"]
[Date "2024.05.28"]
[Round "7"]
[White "Bobadilla Viera, Jorge Samuel"]
[Black "Munoz, Julian Andres"]
[Result "1-0"]
[WhiteElo "2386"]
[BlackElo "2073"]
[PlyCount "91"]
[EventDate "2024.05.24"]
[EventType "swiss"]
[EventRounds "11"]
[EventCountry "COL"]
[SourceTitle "CBM 220 Extra"]
[Source "ChessBase"]
[SourceDate "2024.07.31"]
[SourceVersion "1"]
[SourceVersionDate "2024.07.31"]
[SourceQuality "1"]

1. e4 c5 2. Nf3 Nc6 3. Bb5 Qb6 4. Nc3 e6 5. 0-0 Nge7 6. Re1 Nd4 7. Bf1 Nec6 8. d3 Be7 9. Nxd4 Nxd4 10. e5 0-0 11. Ne4 f5 12. exf6 Bxf6 13. c3 Nf5 14. Nxf6+ Rxf6 15. a4 d6 16. a5 Qc6 17. g3 Bd7 18. Bg2 d5 19. Bf4 c4 20. Be5 Rf7 21. d4 Ne7 22. h4 Raf8 23. f4 Ng6 24. Bh3 Ne7 25. Kh2 Ng6 26. Qc2 Ne7 27. Kg2 Nf5 28. Kh2 Ne7 29. h5 Nf5 30. Bg4 Be8 31. Kg2 Rd7 32. Qe2 Bf7 33. Rh1 b6 34. Bf3 bxa5 35. Rxa5 Qb6 36. Rha1 Rb7 37. R1a2 Ne7 38. Ra6 Qb5 39. Bg4 Qd7 40. Bxg7 Re8 41. Bf6 Nf5 42. Bh3 Ra8 43. Be5 Qe8 44. Kh2 h6 45. Bxf5 exf5 46. Rxh6 1-0

[Event "American Continental 18th"]
[Site "Medellin"]
[Date "2024.05.26"]
[Round "4"]
[White "Bobadilla Viera, Jorge Samuel"]
[Black "Curi, Gabriel"]
[Result "1/2-1/2"]
[WhiteElo "2386"]
[BlackElo "2129"]
[PlyCount "92"]
[EventDate "2024.05.24"]
[EventType "swiss"]
[EventRounds "11"]
[EventCountry "COL"]
[SourceTitle "CBM 220 Extra"]
[Source "ChessBase"]
[SourceDate "2024.07.31"]
[SourceVersion "1"]
[SourceVersionDate "2024.07.31"]
[SourceQuality "1"]

1. e4 e6 2. d4 d5 3. Nd2 c5 4. Ngf3 Nf6 5. exd5 exd5 6. Bb5+ Bd7 7. Bxd7+ Nbxd7 8. 0-0 Be7 9. dxc5 Nxc5 10. Nd4 Qd7 11. Qf3 0-0 12. Nf5 Bd8 13. Nb3 Nce4 14. Be3 Rc8 15. c3 Re8 16. Rfd1 Re5 17. Nbd4 Rc4 18. Qh3 Bb6 19. g4 h5 20. f3 hxg4 21. fxg4 g6 22. Bf4 Re8 23. Ne3 Rcc8 24. Qf3 Bc7 25. h3 a6 26. Kg2 Bxf4 27. Qxf4 Qc7 28. Qxc7 Rxc7 29. Ndc2 Re5 30. h4 Rc5 31. Kf3 Nd6 32. Rd4 Nc4 33. Nxc4 dxc4 34. Ne3 b5 35. Rad1 Rc6 36. Rd6 Re6 37. Rxc6 Rxc6 38. Rd8+ Kg7 39. g5 Nh5 40. Ng4 Re6 41. Nh6 f5 42. Rg8+ Kh7 43. Ra8 Kg7 44. Rg8+ Kh7 45. Ra8 Kg7 46. Ra7+ Kf8 1/2-1/2

[Event "American Continental 18th"]
[Site "Medellin"]
[Date "2024.05.25"]
[Round "2"]
[White "Bobadilla Viera, Jorge Samuel"]
[Black "Ayala Delgado, Sergio Alejandro"]
[Result "1-0"]
[WhiteElo "2386"]
[BlackElo "2011"]
[PlyCount "107"]
[EventDate "2024.05.24"]
[EventType "swiss"]
[EventRounds "11"]
[EventCountry "COL"]
[SourceTitle "CBM 220 Extra"]
[Source "ChessBase"]
[SourceDate "2024.07.31"]
[SourceVersion "1"]
[SourceVersionDate "2024.07.31"]
[SourceQuality "1"]

1. e4 e5 2. Nf3 Nc6 3. Bb5 a6 4. Ba4 Nf6 5. 0-0 Be7 6. Re1 b5 7. Bb3 0-0 8. h3 d6 9. c3 Na5 10. Bc2 c5 11. d4 Qc7 12. d5 Nb7 13. Nbd2 Bd7 14. c4 bxc4 15. Nxc4 Ne8 16. b3 f5 17. exf5 Bxf5 18. Bxf5 Rxf5 19. Qd3 g6 20. Bd2 Ng7 21. Ne3 Rff8 22. Rac1 Qd7 23. Ng4 Nf5 24. Ng5 Bxg5 25. Bxg5 Kg7 26. Qd2 h5 27. Bh6+ Kg8 28. Bxf8 hxg4 29. hxg4 Nd4 30. Bh6 Qxg4 31. Rc3 Nf5 32. Qg5 Qxg5 33. Bxg5 Nd8 34. g4 Nd4 35. Kg2 Kg7 36. Rh3 Nf7 37. Bd2 g5 38. Rc3 Kg6 39. Be3 Nb5 40. Rc4 Nh6 41. f3 Ng8 42. a4 Nc7 43. b4 Nxd5 44. bxc5 dxc5 45. Rxc5 Ngf6 46. Bc1 Re8 47. Kg1 Re7 48. Bb2 Nf4 49. Rexe5 Nh3+ 50. Kf1 Rb7 51. Bc1 Nd7 52. Rc6+ Kg7 53. Re7+ Kg8 54. Rc8+ 1-0

[Event "American Continental 18th"]
[Site "Medellin"]
[Date "2024.05.24"]
[Round "1"]
[White "Guarin Fonseca, Nobel Alfredo"]
[Black "Bobadilla Viera, Jorge Samuel"]
[Result "0-1"]
[WhiteElo "1849"]
[BlackElo "2386"]
[PlyCount "88"]
[EventDate "2024.05.24"]
[EventType "swiss"]
[EventRounds "11"]
[EventCountry "COL"]
[SourceTitle "CBM 220 Extra"]
[Source "ChessBase"]
[SourceDate "2024.07.31"]
[SourceVersion "1"]
[SourceVersionDate "2024.07.31"]
[SourceQuality "1"]

1. d4 Nf6 2. Nf3 d5 3. g3 g6 4. Bg2 Bg7 5. 0-0 0-0 6. b3 c5 7. c3 Ne4 8. Bb2 Nc6 9. e3 b6 10. Nfd2 Ba6 11. Re1 Nf6 12. dxc5 Ne5 13. Bf1 Bxf1 14. Rxf1 bxc5 15. Qe2 Nc6 16. e4 d4 17. cxd4 cxd4 18. Qb5 Qb6 19. Na3 Rfc8 20. Qxb6 axb6 21. Nb5 Nb4 22. Bxd4 Nc2 23. Bxf6 Bxf6 24. Rac1 Rxa2 25. Nc4 Rc5 26. e5 Bxe5 27. Nxe5 Rxb5 28. Nc6 Rc5 29. Nxe7+ Kf8 30. b4 Nxb4 31. Nc8 Rxc1 32. Rxc1 Nd3 33. Rc3 Nxf2 34. Nxb6 Nh3+ 35. Kh1 g5 36. Rc1 g4 37. Nd7+ Kg7 38. Ne5 Nf2+ 39. Kg1 f6 40. Nc4 Nh3+ 41. Kh1 Re2 42. Na3 Ng5 43. Rc2 Re1+ 44. Kg2 Nh3 0-1

[Event "Guillermo Garcia Memorial-B"]
[Site "Santa Clara"]
[Date "2024.05.18"]
[Round "5"]
[White "Castro Silva, Moises Antonio"]
[Black "Bobadilla Viera, Jorge Samuel"]
[Result "1/2-1/2"]
[WhiteElo "2256"]
[BlackElo "2386"]
[PlyCount "89"]
[EventDate "2024.05.14"]
[EventType "tourn"]
[EventRounds "9"]
[EventCountry "CUB"]
[EventCategory "6"]
[SourceTitle "CBM 220 Extra"]
[Source "ChessBase"]
[SourceDate "2024.07.31"]
[SourceVersion "1"]
[SourceVersionDate "2024.07.31"]
[SourceQuality "1"]

1. e4 c5 2. Nf3 d6 3. d4 cxd4 4. Nxd4 Nf6 5. Nc3 a6 6. Bg5 Nbd7 7. Bc4 Qb6 8. Bb3 e6 9. f3 Be7 10. Qd2 Nc5 11. 0-0-0 Qc7 12. g4 b5 13. a3 Rb8 14. Kb1 Bd7 15. Ba2 a5 16. b4 axb4 17. axb4 Na4 18. Nxa4 bxa4 19. Bxf6 Bxf6 20. c3 0-0 21. Rc1 Qb6 22. Rhd1 Rfc8 23. g5 Be7 24. Ka1 Bb5 25. h4 Bc4 26. Bxc4 Rxc4 27. Ka2 Rbc8 28. Rc2 Qb7 29. Rdc1 d5 30. e5 Bd8 31. h5 Bb6 32. h6 g6 33. Nb5 Bc5 34. Na3 Bb6 35. Nxc4 Rxc4 36. Qd3 Qc7 37. Qe2 Qc6 38. Qd3 Bd8 39. Qd2 Bc7 40. Qe2 Bd8 41. Qd2 Bb6 42. Qd3 Qc7 43. Qe2 Qc6 44. Qd3 Qc7 45. Qe2 1/2-1/2

[Event "Guillermo Garcia Memorial-B"]
[Site "Santa Clara"]
[Date "2024.05.15"]
[Round "2"]
[White "Bobadilla Viera, Jorge Samuel"]
[Black "Berdayes Ason, Dylan Isidro"]
[Result "0-1"]
[WhiteElo "2386"]
[BlackElo "2498"]
[PlyCount "184"]
[EventDate "2024.05.14"]
[EventType "tourn"]
[EventRounds "9"]
[EventCountry "CUB"]
[EventCategory "6"]
[SourceTitle "CBM 220 Extra"]
[Source "ChessBase"]
[SourceDate "2024.07.31"]
[SourceVersion "1"]
[SourceVersionDate "2024.07.31"]
[SourceQuality "1"]

1. d4 Nf6 2. c4 e6 3. Nf3 d5 4. g3 dxc4 5. Bg2 c6 6. Ne5 Bb4+ 7. Nc3 Nd5 8. 0-0 0-0 9. Ne4 b5 10. b3 f6 11. Nf3 Nd7 12. bxc4 bxc4 13. Qc2 Ba6 14. Rb1 Re8 15. Bd2 Bf8 16. Rfd1 Rb8 17. Be1 Qc7 18. Rxb8 Qxb8 19. Bh3 Qc8 20. Ned2 c3 21. Ne4 Nb4 22. Qxc3 Bxe2 23. Rb1 Nd5 24. Qb3 f5 25. Ned2 Qa6 26. Bf1 Bxf1 27. Nxf1 Rb8 28. Qc2 Rxb1 29. Qxb1 h6 30. Qc2 Be7 31. a4 c5 32. a5 Qb5 33. dxc5 Bxc5 34. Qd1 N7f6 35. Ne5 Bd6 36. Nf3 Ne4 37. Nd4 Qc4 38. Nxe6 Kf7 39. Nd4 g6 40. Nf3 a6 41. Qa1 Nec3 42. Bxc3 Qxc3 43. Qd1 Qxa5 44. Qd4 Kg8 45. Qa7 Ne7 46. Qd7 Qd5 47. Ne3 Qxf3 48. Qxd6 Qb7 49. Qe6+ Kg7 50. h4 h5 51. Nc4 Ng8 52. Qe5+ Kh7 53. Qd6 Kg7 54. Qe5+ Nf6 55. Nd6 Qd7 56. Nc4 Qd1+ 57. Kh2 Qd5 58. Qe7+ Qf7 59. Qc5 Ng4+ 60. Kg2 Qb7+ 61. f3 Kh7 62. Qd4 Qc6 63. Ne3 Nxe3+ 64. Qxe3 Qc2+ 65. Kh3 Qc7 66. Qd4 a5 67. Qa4 Kh6 68. Qd4 Kh7 69. Kg2 Kg8 70. Qf6 Kh7 71. Qd4 Qb7 72. Kf2 Qg7 73. Qa4 Qb2+ 74. Kf1 Qc1+ 75. Ke2 Qc7 76. Kf2 Qc5+ 77. Ke2 Qd5 78. Ke3 Kg7 79. Ke2 Kf7 80. Ke3 Ke7 81. Ke2 Kd6 82. Ke3 Qc5+ 83. Ke2 Kc7 84. Qe8 Qc6 85. Qe7+ Kb6 86. Qd8+ Kb5 87. Qb8+ Kc4 88. Qg8+ Kc3 89. Qg7+ Kb3 90. Kf2 Qc2+ 91. Kf1 Qc1+ 92. Kg2 Qb2+ 0-1